Primi 15 paesi interessati da Covid-19 - 28 agosto - Statistics

Statistiche generali
  • Questo quiz è stato fatto 2 volte
  • Il punteggio medio è 11 su 24
Statistiche sulle risposte
paese % Corretto
Bangladesh
100%
Brasile
100%
Iran
100%
Perù
100%
Regno Unito
100%
Russia
100%
Spagna
100%
Stati Uniti
100%
Sudafrica
100%
Colombia
50%
India
50%
Messico
50%
Arabia Saudita
0%
Argentina
0%
Armenia
0%
Bahrain
0%
Cile
0%
Cile
0%
Israele
0%
Kuwait
0%
Oman
0%
Panama
0%
Qatar
0%
Singapore
0%
Nessun quiz corrispondente trovato
Distribuzione punteggi
Percentuale di utenti per punteggio
Percentile per numero di risposta
I tuoi punteggi nel tempo
Non hai fatto questo quiz